| 000 | 00732cab a2200241 4500 | ||
|---|---|---|---|
| 001 | ABS49162 | ||
| 008 | 090401t1993 xxu||||| |||| 00| 0 eng d | ||
| 035 | _a(Sirsi) u70226 | ||
| 041 | _aeng | ||
| 245 | 4 | _aThe Maastricht Treaty | |
| 260 | _c1993 | ||
| 350 | _a0 | ||
| 490 |
_aEstates Gazette _v(9333) 21 August 1993, 82-83(2) |
||
| 520 | _a"Mainly for Students" article explaining how Britain`s membership of the European Community has been effected by the Maastrich Treaty. | ||
| 650 | _aEC | ||
| 650 | _aEUROPEAN COMMUNITIES (AMENDMENT) ACT 1993 | ||
| 650 | _aEUROPEAN COMMUNITY | ||
| 650 | _aMAASTRICHT TREATY | ||
| 650 | _aSOCIAL CHAPTER | ||
| 690 | _aEUROPE-SINGLE MARKET | ||
| 942 | _n0 | ||
| 948 | _c04/03/1997 | ||
| 999 |
_c44172 _d44172 |
||